Music Quiz

Random Music or Artist Quiz

Name That Musician Quiz Stats

 Plays Quiz Updated Dec 6, 2017

Score 0/30 Timer 07:00
12 Plays Today
Albums Artist % Correct
Like a Virgin, True Blue, Like a PrayerMadonna
93.9%
The Wall, The Dark Side of the Moon, Wish You Were HerePink Floyd
90.6%
Insomniac, Nimrod, American IdiotGreen Day
88.5%
1999, Purple Rain, The Chocolate InvasionPrince
82.6%
Bleach, Nevermind, In UteroNirvana
73.1%
Appetite for Destruction, The Spaghetti Incident?, Chinese Democracy,Guns N' Roses
65.5%
Goodbye Yellow Brick Road, Breaking Hearts, Ice on FireElton John
65.2%
Parachutes, A Rush of Blood to the Head, X&YColdplay
62.4%
Give 'Em Enough Rope, London Calling, Sandinista!The Clash
61.9%
The Times They Are a-Changin', Blonde on Blonde, Slow Train ComingBob Dylan
61.4%
Dangerously in Love, B'Day, I Am..., Sasha FierceBeyoncé Knowles
56.8%
Houses Of The Holy, Physical Graffiti, In Through The Out DoorLed Zeppelin
53.3%
Slippery When Wet, New Jersey, Keep the FaithBon Jovi
51.2%
The College Dropout, Late Registration, GraduationKanye West
50.9%
Rumours, Tusk, MirageFleetwood Mac
50.2%
Albums Artist % Correct
Still Crazy After All These Years, Graceland, The Rhythm of the SaintsPaul Simon
42.1%
Odelay, Guero, Modern GuiltBeck
39.3%
Astral Weeks, Moondance, Tupelo HoneyVan Morrison
33.9%
Thankful, Breakaway, My DecemberKelly Clarkson
28.4%
Jed, Dizzy Up the Girl, Let Love InGoo Goo Dolls
27.5%
Sketches of Spain, Kind of Blue, Bitches BrewMiles Davis
22.6%
Silver Side Up, The Long Road, All the Right ReasonsNickelback
21%
Texas Flood, Couldn't Stand the Weather, Soul to SoulStevie Ray Vaughan
20.7%
No Fences, Ropin' the Wind, SevensGarth Brooks
19.2%
Being There, Summerteeth, Yankee Hotel FoxtrotWilco
18.1%
My Aim Is True, This Year's Model, SpikeElvis Costello
17.4%
Pornography, Kiss Me, Kiss Me, Kiss Me, DisintegrationThe Cure
16.8%
Everything Is Wrong, Play, 18Moby
14%
The Electric Horseman, Honeysuckle Rose, StardustWillie Nelson
10.4%
It's About Time, A Little Bit Longer, Lines, Vines and Trying TimesThe Jonas Brothers
9.3%

You're not logged in!

Compare scores with friends on all Sporcle quizzes.
OR
Log In

Sporcle TV

Today on Sporcle TV


Watch our educational content, quiz creation guides, and fun videos on Sporcle TV.

Show Comments

Extras

Top Quizzes Today


Score Distribution

Your Account Isn't Verified!

In order to create a playlist on Sporcle, you need to verify the email address you used during registration. Go to your Sporcle Settings to finish the process.

Report this User

Report this user for behavior that violates our Community Guidelines.

Details: